| Tag |
First Indicator |
Second Indicator |
Subfields |
| LEADER |
00000cam a2200000 4500 |
| 001 |
in00000038515 |
| 005 |
20151214141054.0 |
| 008 |
720124s1960 eng u |
| 010 |
|
|
|a 60007825
|
| 035 |
|
|
|a (OCoLC)00225773
|
| 035 |
|
|
|9 AAF5874AM
|
| 040 |
|
|
|c WSU
|d TXA
|d UtOrBLW
|
| 049 |
|
|
|a TXAM
|c [364219]
|
| 090 |
|
|
|a BF319
|b .L58
|
| 092 |
|
|
|a 158.423
|b L831i
|
| 100 |
1 |
|
|a Logan, Frank A.,
|d 1924-2004.
|
| 245 |
1 |
0 |
|a Incentive.
|
| 264 |
|
1 |
|a [Place of publication not identified] :
|b Yale University Press,
|c 1960.
|
| 300 |
|
|
|a 288 pages
|
| 336 |
|
|
|a text
|b txt
|2 rdacontent
|
| 337 |
|
|
|a unmediated
|b n
|2 rdamedia
|
| 338 |
|
|
|a volume
|b nc
|2 rdacarrier
|
| 504 |
|
|
|a Bibliography: pages 278-285.
|
| 650 |
|
0 |
|a Reinforcement (Psychology)
|
| 999 |
|
|
|a MARS
|
| 999 |
f |
f |
|s 2888b100-58e9-3229-a229-16d973f2f5ba
|i 44d8790d-8aaf-3ceb-bc14-cf2f628a5ff6
|t 0
|
| 952 |
f |
f |
|p ric
|a Texas A&M University
|b Rellis Campus
|c Joint Library Facility
|d Remote Storage
|t 0
|e BF319 .L58
|h Library of Congress classification
|i unmediated -- volume
|m A14800528835
|
| 998 |
f |
f |
|a BF319 .L58
|t 0
|l Remote Storage
|